Náš život časopis ŠO-SZM Stredná zdravotnícka škola v Trenčíne

Bibliographic Details
Format: Serial
Language:Slovak
PhysicalDescription:zv. cm
Published: Trenčín Stredná zdravotnícka škola 1972-1990
Subjects:

MARC

LEADER 00000cas a2200000 a 4500
001 vtls001465707
003 SK-MaSNL
005 20260228161330.0
008 040105d19721990xo x 0 0 0slo
035 |a SNK000421012 
040 |a SNK  |b slo  |c SNK  |e AACR2 
041 0 |a slo 
044 |a xo  |c SK 
072 7 |a 373.5/.6  |x Stredné školy  |2 konspekt 
080 |a 373.5+377  |2 2011 
080 |a (051.053.6)  |2 2011 
080 |a 050  |2 2011 
245 0 0 |a Náš život  |b časopis ŠO-SZM Stredná zdravotnícka škola v Trenčíne 
260 |a Trenčín  |b Stredná zdravotnícka škola  |c 1972-1990 
300 |a zv.  |c cm 
310 |a Periodicita nie je známa 
362 0 |a 1972-1990 
650 0 7 |a stredné školy  |2 SNKPH  |9 1279 
655 7 |a časopisy pre mládež  |2 SNKPH  |9 70792 
710 2 |a Stredná zdravotnícka škola (Trenčín, Slovensko)  |4 pbl  |9 268416 
910 |a snk 
999 |c 5019  |d 6949 
952 |0 0  |1 0  |4 0  |7 0  |8 0  |a SNK  |b SNK  |d 2004-01-05  |i snkČSP 5013/86  |l 0  |o snkČSB 2786/14/1985-1986  |p 17A0407154  |r 2005-01-02 00:00:00  |t č. 1-4  |w 2026-02-21  |y PREZ